[Event "Washington Class Championships"]
[Site "Redmond, WA"]
[Date "2012.11.23"]
[Round "1"]
[White "Bishop Alan  (WA)"]
[Black "Gedajlovic Max  (CAN)"]
[Result "1-0"]
[WhiteElo "2000"]
[BlackElo "1570"]
[Annotator ""]
[Source ""]
[Remark "Expert"]

1.e4 c5 2.Nf3 d6 3.d4 cxd4 4.Nxd4 Nf6 5.Nc3 g6 6.Be3 Bg7 7.f3
O-O 8.Qd2 Nc6 9.Bc4 Bd7 10.O-O-O Rb8 11.Bb3 Nxd4 12.Bxd4 Qc7
13.Bxf6 exf6 14.Qxd6 Qxd6 15.Rxd6 Bc6 16.Kb1 Rbd8 17.Rhd1 Rxd6
18.Rxd6 f5 19.exf5 Be5 20.Rd1 Bxh2 21.fxg6 hxg6 22.Bd5 Bxd5 23.Rxd5
Re8 24.Ne4 Kf8 25.c4 f5 26.Nc3 Be5 27.Kc2 Bf6 28.Rd7 Re7 29.Rd6
Bxc3 30.Kxc3 Kf7 31.b4 g5 32.c5 f4 33.a4 Re3+ 34.Rd3 Re7 35.Rd2
Re3+ 36.Kc4 Ke7 37.b5 Re6 38.Rd5 Rg6 39.Re5+ Kd7 40.Kd5 a6 41.Rf5
axb5 42.axb5 Rg7 43.Ke5 Ke7 44.Rf6 Rg8 45.Rb6 Rc8 46.Rxb7+ Kf8
47.c6 Ke8 48.Ke6 Kd8 49.Rh7 g4 50.fxg4 1-0

[Event "Washington Class Championships"]
[Site "Redmond, WA"]
[Date "2012.11.24"]
[Round "4"]
[White "Singh Ranjeet  (WA)"]
[Black "Wilson Diallo  (WA)"]
[Result "1-0"]
[WhiteElo "1685"]
[BlackElo "1641"]
[Annotator ""]
[Source ""]
[Remark "B"]

1.d4 d5 2.c4 c6 3.Nf3 Nf6 4.Nc3 dxc4 5.a4 e6 6.e4 Be7 7.Bxc4
Nbd7 8.O-O O-O 9.e5 Nd5 10.Nxd5 exd5 11.Bd3 c5 12.b3 cxd4 13.Bb2
Bc5 14.Rc1 Re8 15.Bb1 Qb6 16.Qd3 Nf8 17.Nxd4 Be6 18.Kh1 g6 19.f4
Bxd4 20.Bxd4 Qa6 21.Qf3 Bg4 {??} 22.Qxg4 Ne6 23.f5 Nxd4 24.Qxd4
Rac8 25.fxg6 hxg6 26.Bd3 Qe6 27.Qf4 Rxc1 28.Rxc1 Qxe5 29.Qxe5
Rxe5 30.Kg1 Re3 31.Rd1 Kf8 32.Kf2 Re6 33.Rc1 Rb6 34.Rb1 Ke7 35.Ke3
Re6+ 36.Kd4 Kd6 37.b4 f5 38.Rc1 b6 39.b5 Kd7 40.Rf1 Kd6 41.Rf2
Kd7 42.Rxf5 gxf5 43.Bxf5 Kd6 44.Bxe6 Kxe6 45.g4 Kf6 46.Kxd5 Kg5
47.h3 Kf6 48.Kc6 Ke6 49.Kb7 Kd6 50.Kxa7 Kc7 51.h4 1-0

[Event "Washington Class Championships"]
[Site "Redmond, WA"]
[Date "2012.11.24"]
[Round "4"]
[White "Fields Noah  (WA)"]
[Black "Gedajlovic Max  (CAN)"]
[Result "0-1"]
[WhiteElo "1903"]
[BlackElo "1570"]
[Annotator ""]
[Source ""]
[Remark "Expert"]

1.e4 c5 2.Nf3 d6 3.d4 cxd4 4.Nxd4 Nf6 5.Nc3 g6 6.Be3 Bg7 7.f3
O-O 8.Qd2 Nc6 9.O-O-O d5 10.Nxc6 bxc6 11.exd5 cxd5 12.Nxd5 Nxd5
13.Qxd5 Qc7 14.Qc5 Qb7 15.c3 Be6 16.Bd3 Rab8 17.Qa3 Be5 18.Rd2
Bd6 19.Qa4 Qc7 20.a3 Be5 21.Qxa7 Rb7 22.Qa6 Rxb2 23.c4 Qb8 24.Qa5
Rb3 25.Qa4 Rxd3 26.Rxd3 Qb2+ 27.Kd1 Qb1+ 28.Kd2 Qxh1 29.Bh6 Qxg2+
30.Ke3 Qg1+ 31.Ke4 Qxh2 32.Rd1 Qe2+ 33.Be3 f5+ 0-1

[Event "Washington Class Championships"]
[Site "Redmond, WA"]
[Date "2012.11.24"]
[Round "4"]
[White "Landingin Jofrel  (CAN)"]
[Black "Edwards Gary  (WA)"]
[Result "1/2-1/2"]
[WhiteElo "1967"]
[BlackElo "1879"]
[Annotator ""]
[Source ""]
[Remark "A"]

1.d4 d5 2.c4 dxc4 3.Nc3 Nf6 4.e4 e5 5.Qa4+ c6 6.dxe5
( 6.dxe5 Ng4 7.Qxc4 Nxe5 8.Qb3 Nbd7 9.Be3 Nc5 10.Qc2 Ncd3+ 11.Bxd3
Nxd3+ 12.Ke2 Nb4 13.Qd2 Qxd2+ 14.Bxd2 Be6 15.f4 Rd8 16.Nf3 Bc4+
17.Kf2 f6 18.b3 Bf7 19.Rhd1 Bc5+ 20.Kg3 O-O 21.Na4 Be7 22.Be3
Nc2 23.Bxa7 Nxa1 24.Rxa1 b5 25.Bc5 Bxc5 26.Nxc5 Rfe8 27.Rc1 Bh5
28.Ne1 Rd2 29.a4 bxa4 30.bxa4 Red8 31.a5 Rd1 32.Rxd1 Rxd1 33.Ned3
Be2 34.Nb4 Rc1 35.Ne6 c5 36.Nc6 Bd3 37.e5 Be4 38.Ned8 Bxc6 39.Nxc6
fxe5 40.fxe5 Kf7 41.Kf4 Rc4+ 42.Kf5 g6+ 43.Kg5 Kg7 44.g4 h6+
45.Kh4 Rc3 46.g5 Rc4+ 47.Kg3 hxg5 48.e6 Ra4 49.e7 Kf7 50.Kf3
c4 51.Ke3 c3 52.Kd3 c2 53.Kxc2 Rc4+ {0-1, Ben Khaled Rabea - Mir Mahmoud Afamia (SYR) 2021, Dubai (United Arab Emirates) 2004.08.07}
) b5 7.Qc2 Ng4 8.Bf4 Bc5 9.Nh3 Qe7 10.a4 b4 11.Nd1 Nxe5 12.Bxe5
Qxe5 13.Bxc4 Bxh3 14.gxh3 Nd7 15.Ne3 Bxe3 16.fxe3 O-O 17.O-O-O
Nc5 18.Rd4 Ne6 1/2-1/2

[Event "Washington Class Championships"]
[Site "Redmond, WA"]
[Date "2012.11.24"]
[Round "4"]
[White "Hendricks David  (WA)"]
[Black "Dutton Carl  (WA)"]
[Result "0-1"]
[WhiteElo "1678"]
[BlackElo "1598"]
[Annotator ""]
[Source ""]
[Remark "B"]

1.d4 Nf6 2.Bf4 g6 3.e3 Bg7 4.Nf3 d5 5.Nbd2 O-O 6.Be2 Nbd7 7.O-O
Nh5 8.Bg5 c5 9.c3 b6 10.Ne1 Nhf6 11.Qc2 Bb7 12.f3 cxd4 13.exd4
Rc8 14.Bb5 a6 15.Ba4 b5 16.Bb3 e5 17.dxe5 Nxe5 18.Nd3 Nc4 19.Bxc4
dxc4 20.Nf2 Qb6 21.Rfe1 Rfe8 22.Kh1 {??} ( 22.Nf1 ) Qxf2 23.Rf1
Qc5 24.Bxf6 Bxf6 25.Ne4 Bxe4 26.fxe4 Bg7 27.Rad1 Rcd8 28.Qe2
Rxd1 29.Rxd1 Qe5 30.Kg1 Qxe4 31.Qxe4 Rxe4 32.Rd8+ Bf8 33.Kf2
Kg7 34.Ra8 Bc5+ 35.Kf1 Rf4+ 36.Ke1 Rf2 37.b4 Bb6 ( 37...cxb3 )
38.Rxa6 Be3 39.a4 bxa4 40.Rxa4 Rxg2 41.b5 Rb2 42.Rxc4 Rxb5 43.Ke2
Rc5 44.Re4 Rxc3 45.Rxe3 Rxe3+ 46.Kxe3 f5 47.h4 Kf6 48.Kf4 h5
49.Kf3 Ke5 50.Ke3 f4+ 51.Kf3 Kf5 0-1

[Event "Washington Class Championships"]
[Site "Redmond, WA"]
[Date "2012.11.25"]
[Round "5"]
[White "Deshpande Abhay  (WA)"]
[Black "Buntaran Alexius  (WA)"]
[Result "0-1"]
[WhiteElo "320"]
[BlackElo "960"]
[Annotator ""]
[Source ""]
[Remark "F"]

1.d4 d5 2.c4 e6 3.cxd5 exd5 4.Nc3 Nf6 5.Bf4 c6 6.Nf3 Bd6 7.Bxd6
Qxd6 8.e3 O-O 9.Bd3 Bg4 10.h3 Bh5 11.Be2 Nbd7 12.O-O Rfe8 13.Qd3
Ne4 14.Qc2 Ndf6 15.Ne5 Bxe2 16.Qxe2 Nd7 17.Nxd7 Qxd7 18.Qg4 Qxg4
19.hxg4 Re6 20.f3 Nxc3 21.bxc3 Rxe3 22.Rac1 Rae8 23.Rb1 R8e7
24.Rb3 b5 25.a4 bxa4 26.Rbb1 g6 27.Rb8+ Kg7 0-1

[Event "Washington Class Championships"]
[Site "Redmond, WA"]
[Date "2012.11.25"]
[Round "6"]
[White "Singh Ranjeet  (WA)"]
[Black "Tafalla Gabriel  (WA)"]
[Result "1-0"]
[WhiteElo "1685"]
[BlackElo "1607"]
[Annotator ""]
[Source ""]
[Remark "B"]

1.d4 d5 2.c4 e6 3.Nf3 Nf6 4.Bg5 Be7 5.e3 O-O 6.Nc3 Nbd7 7.cxd5
exd5 8.Be2 b6 9.O-O Bb7 10.Qc2 c5 11.Rfc1 Ne4 12.Bxe7 Qxe7 13.dxc5
Ndxc5 14.Nd4 Rfe8 15.Bg4 Qh4 16.Qe2 Nxf2 17.Bf5 Nfe4 18.Nxe4
Nxe4 19.Rc7 Re7 {?} ( 19...Nd6 ) 20.Bxh7+ Qxh7 {?}
( 20...Kxh7 ) 21.Rxe7 Bc8 {??} 22.Re8# 1-0

[Event "Washington Class Championships"]
[Site "Redmond, WA"]
[Date "2012.11.25"]
[Round "6"]
[White "Davis Frederick  (WA)"]
[Black "MacGregor Logan  (WA)"]
[Result "1-0"]
[WhiteElo "1632"]
[BlackElo "1651"]
[Annotator ""]
[Source ""]
[Remark "B"]

1.e4 e6 2.d4 d5 3.Nc3 dxe4 4.Nxe4 Bd7 5.Nf3 Bc6 6.Bd3 Nd7 7.O-O
Ngf6 8.Nxf6+ Nxf6 9.c3 Be7 10.Re1 O-O 11.Ne5 Qd5 12.Nxc6 Qxc6
13.Bf4 Rad8 14.Qe2 Nd5 15.Bg3 Qb6 16.Kh1 Bg5 17.Rab1 Nf4 {?}
18.Bxf4 Bxf4 19.Qe4 1-0

[Event "Washington Class Championships"]
[Site "Redmond, WA"]
[Date "2012.11.25"]
[Round "6"]
[White "Gedajlovic Max  (CAN)"]
[Black "Haining Kyle  (WA)"]
[Result "1-0"]
[WhiteElo "1570"]
[BlackElo "1918"]
[Annotator ""]
[Source ""]
[Remark "Expert"]

1.d4 g6 2.c4 Bg7 3.Nc3 Nf6 4.e4 d6 5.f3 O-O 6.Be3 Nbd7 7.Nge2
c5 8.Qd2 a6 9.O-O-O Qc7 10.g4 Rb8 11.g5 Nh5 12.Ng3 Nxg3 13.hxg3
Re8 14.dxc5 dxc5 15.Qh2 Nf8 16.Bf4 Be5 17.Nd5 Bxf4+ 18.gxf4 Qc6
19.f5 Bd7 20.f6 h5 21.Nxe7+ Rxe7 22.fxe7 Re8 23.exf8Q+ Rxf8 24.Qd6
Qxd6 25.Rxd6 Be6 26.b3 Re8 27.Bh3 Bxh3 28.Rxh3 Re7 29.Rh1 Kg7
30.Rhd1 Kf8 31.Rd7 Re6 32.Rxb7 Re5 33.Rdd7 Rxg5 34.Rxf7+ Kg8
35.Rfc7 Rg1+ 36.Kb2 Rg2+ 37.Kc3 h4 38.Rc8# 1-0

[Event "Washington Class Championships"]
[Site "Redmond, WA"]
[Date "2012.11.25"]
[Round "5"]
[White "Dutton Carl  (WA)"]
[Black "Davis Frederick  (WA)"]
[Result "1/2-1/2"]
[WhiteElo "1622"]
[BlackElo "1632"]
[Annotator ""]
[Source ""]
[Remark "B"]

1.e4 c5 2.Nf3 e6 3.d4 cxd4 4.Nxd4 Nf6 5.Bd3 Nc6 6.Nxc6 bxc6 7.c4
d5 8.cxd5 cxd5 9.e5 Nd7 10.Qa4 Be7 ( 10...Qc7 11.O-O Qxe5 12.Nc3
Bc5 13.Bf4 Qf6 14.Bb5 O-O 15.Bc7 Nb6 16.Qa5 Qe7 17.Bg3 Bb4 18.Qxb4
Qxb4 19.Bc6 Ba6 {0-1, Te Kolste Jan Willem (NED) - Tartakower Savielly (FRA), Baden-Baden (Germany) 1925}
) 11.O-O O-O 12.Re1 Nc5 13.Qc2 Nxd3 14.Qxd3 Qb6 15.Qb3 Ba6 16.Qxb6
axb6 17.Be3 Bc5 18.Nd2 Rfc8 19.Nb3 Bxe3 20.Rxe3 Rc2 21.Nd4 Rxb2
22.Rb3 Rd2 23.Nf3 Rc2 24.Rxb6 Bc4 25.a4 h6 26.h3 Kf8 27.a5 Ke8
28.a6 Ra2 29.Rxa2 Bxa2 30.Nd2 1/2-1/2

[Event "Washington Class Championships"]
[Site "Redmond, WA"]
[Date "2012.11.24"]
[Round "4"]
[White "Thakur Asher  (WA)"]
[Black "Zhang Jason  (WA)"]
[Result "0-1"]
[WhiteElo "1149"]
[BlackElo "1095"]
[Annotator ""]
[Source ""]
[Remark "E"]

1.e4 e5 2.Nf3 Nc6 3.d4 exd4 4.Nxd4 Bc5 5.Nxc6 bxc6 6.Nc3 Nf6
7.Bg5 h6 8.Bh4 Be7 9.Qf3 d5 10.O-O-O Bg4 11.Qd3 Bxd1 12.Kxd1
Nxe4 13.Nxe4 dxe4 14.Qxd8+ Rxd8+ 15.Ke2 Bxh4 16.g3 Bg5 17.h4
Bc1 18.Bg2 Rd2+ 19.Ke1 Rxc2 20.Bxe4 Rxb2 21.Bxc6+ Ke7 22.Bd5
Rd8 23.Bb3 Bd2+ 24.Kf1 Rb1+ 25.Kg2 Rxh1 26.Kxh1 g5 27.hxg5 Bxg5
28.f4 Bf6 29.Kh2 Rd2+ 30.Kh1 Kf8 31.a4 Rd3 32.Bc4 Rxg3 33.f5
c6 34.Ba6 Ra3 35.Bb7 Rxa4 36.Bxc6 Rf4 37.Bd7 Ke7 38.Bc8 Kd8 39.Ba6
Rxf5 40.Kg2 Ra5 41.Be2 Ra2 42.Kf1 a5 43.Ke1 a4 44.Kd1 Rxe2 45.Kxe2
a3 46.Kd3 a2 47.Kc4 a1Q 48.Kd5 Qd4+ 49.Kc6 Be7 50.Kb7 Qc5 51.Ka8
Qb5 52.Ka7 Bc5+ 53.Ka8 Qa6+ 54.Kb8 Qa7# 0-1

[Event "Washington Class Championships"]
[Site "Redmond, WA"]
[Date "2012.11.24"]
[Round "4"]
[White "Davis Frederick  (WA)"]
[Black "Mehta Anand  (WA)"]
[Result "1-0"]
[WhiteElo "1632"]
[BlackElo "1684"]
[Annotator ""]
[Source ""]
[Remark "B"]

1.e4 b6 2.d4 e6 3.Nc3 Bb7 4.Bd3 Nf6 5.f3 d6 6.Nge2 Be7 7.O-O
h5 8.Be3 Nbd7 9.a4 c6 10.Qd2 h4 11.Nd1 h3 12.g3 a6 13.Nf2 e5
14.c3 Qc7 15.Rfc1 c5 16.b3 d5 17.Qa2 dxe4 18.fxe4 Qd6 19.d5 Nh5
20.c4 Ndf6 21.Qd2 Bc6 22.Rf1 Bd7 23.Ra2 g5 24.Bxg5 O-O-O 25.Be3
Rdg8 26.a5 Rg6 27.Rfa1 Nxg3 28.Nxg3 Rxg3+ 29.hxg3 h2+ 30.Kg2
Ng4 31.Nxg4 Bxg4 32.Be2 Qg6 33.Bxg4+ Qxg4 34.Qf2 ( 34.Qd3 ) Qxe4+
35.Qf3 Qxf3+ 36.Kxf3 h1Q+ 37.Rxh1 Rxh1 38.axb6 Kb7 39.Rb2 Rf1+
40.Ke2 Rh1 41.Kf3 f5 42.b4 cxb4 43.c5 a5 44.c6+ Kb8 45.Ra2 b3
46.Rxa5 b2 47.c7+ Kc8 48.Ra8+ Kd7 49.c8Q+ Kd6 50.Qc6# 1-0

[Event "Washington Class Championships"]
[Site "Redmond, WA"]
[Date "2012.11.24"]
[Round "4"]
[White "Hadzic Huso  (WA)"]
[Black "Chan James  (CAN)"]
[Result "1-0"]
[WhiteElo "2179"]
[BlackElo "2029"]
[Annotator ""]
[Source ""]
[Remark "Master"]

1.e4 e5 2.Nf3 Nc6 3.Bb5 a6 4.Ba4 Nf6 5.Qe2 b5 6.Bb3 Bc5 7.a4
Rb8 8.axb5 axb5 9.d3 h6 10.Be3 Qe7 ( 10...Bxe3 11.fxe3 d5 12.exd5
Nxd5 13.Nbd2 O-O 14.O-O Be6 15.c3 Qd7 16.d4 Nde7 17.Bc2 exd4
18.exd4 Ng6 19.h3 Rfe8 20.Ng5 hxg5 21.Qh5 Nxd4 22.Bxg6 fxg6 23.Qxg5
Nb3 24.Ne4 Bf5 {0-1, Tieksola Pentti - Vainio Ville (FIN), corr. 1965}
) 11.O-O d6 12.Nbd2 O-O 13.c3 Kh7 14.h3 g6 15.Nh2 Nh5 16.Bc2
Bxe3 17.Qxe3 Qg5 18.Qxg5 hxg5 19.Nhf3 Kh6 20.d4 exd4 21.Nxd4
Ne5 22.Ra7 c5 23.N4f3 Nc4 24.b3 Nxd2 25.Nxd2 Nf4 26.Re1 Be6 27.Kf1
Ra8 28.Rea1 Rxa7 29.Rxa7 Rc8 30.f3 d5 31.g3 Nh5 32.exd5 Bxd5
33.Kf2 Be6 34.Ne4 f5 35.Ra6 Ng7 36.Nd6 Rb8 37.b4 cxb4 38.cxb4
Kh7 39.g4 ( 39.Bd3 Bc4 40.Nxc4 bxc4 41.Bxc4 Rxb4 42.Bf7 ) Rf8
40.Ke3 Rd8 41.Bd3 Bd7 42.Nf7 Re8+ 43.Kf2 Rf8 44.Nxg5+ Kh6 45.h4
Bc8 46.Rd6 Ne8 47.Rd8 Ba6 48.Ne6 Rh8 49.Nc5 1-0

[Event "Washington Class Championships"]
[Site "Redmond, WA"]
[Date "2012.11.25"]
[Round "5"]
[White "MacGregor Logan  (WA)"]
[Black "Singh Ranjeet  (WA)"]
[Result "0-1"]
[WhiteElo "1651"]
[BlackElo "1685"]
[Annotator ""]
[Source ""]
[Remark "B"]

1.Nf3 d5 2.d4 Nf6 3.c4 c6 4.g3 dxc4 5.Bg2 e6 6.O-O Nbd7 7.Qc2
b5 8.Ne5 Nxe5 9.dxe5 Nd5 10.Rd1 Qc7 11.b3 cxb3 12.axb3 Bb7 13.Nc3
Qc8 14.Ne4 Be7 15.Nd6+ Bxd6 16.exd6 O-O 17.e4 Nb6 18.Bb2 Nd7
19.Qc3 e5 20.f4 f6 21.b4 c5 22.bxc5 Qxc5+ 23.Qxc5 Nxc5 24.Rac1
( 24.fxe5 fxe5 25.Bxe5 $16 ) Na4 25.Bxe5 {?} fxe5 26.fxe5 Nb2
27.Rd2 {?$19} ( 27.Rd4 ) Nc4 28.Rxc4 bxc4 29.e6 Bc6 30.e5 Bxg2
31.Kxg2 Rfe8 32.e7 Kf7 33.Kf3 a5 34.Ke4 Ke6 35.d7 Rxe7 36.Rd6+
Kf7 37.d8Q Rxd8 38.Rxd8 Rc7 39.Ra8 c3 40.e6+ Kxe6 0-1

[Event "Washington Class Championships"]
[Site "Redmond, WA"]
[Date "2012.11.25"]
[Round "5"]
[White "Saarenas Mark  (WA)"]
[Black "Landingin Jofrel  (CAN)"]
[Result "1/2-1/2"]
[WhiteElo "1871"]
[BlackElo "1967"]
[Annotator ""]
[Source ""]
[Remark "A"]

1.d4 e6 2.Nc3 Bb4 3.e4 c5 4.Bd2 Nf6 5.dxc5 ( 5.a3 Bxc3 6.Bxc3
cxd4 7.Qxd4 Nc6 8.Qe3 d5 9.O-O-O O-O 10.Bxf6 Qxf6 11.exd5 exd5
12.Rxd5 Be6 13.Rd1 Ne5 14.Be2 Bg4 15.h3 Bxe2 16.Nxe2 Nc4 17.Qb3
Na5 18.Qb4 Qxf2 19.Qxa5 Qxe2 20.Rd2 Qe3 21.Rhd1 Qb6 22.Qxb6 axb6
23.Rd7 Rab8 24.R1d6 Rfe8 25.Rxb6 Re2 26.Rbxb7 Rc8 27.Rbc7 Rf8
28.g3 Re3 29.a4 Rxg3 30.a5 Rxh3 31.a6 Rh6 32.a7 Ra6 33.Rb7 h6
34.Rb8 Rxa7 35.Rxf8+ Kxf8 36.Rxa7 g5 37.Kd2 Kg7 38.Ra6 f6 39.Ke3
Kg6 40.Kf3 h5 41.b4 g4+ 42.Kf4 g3 43.Kxg3 Kg5 44.Re6 f5 45.Re5
h4+ 46.Kf3 h3 47.Kg3 Kf6 48.Re2 f4+ 49.Kxf4 h2 50.Rxh2 Ke6 51.Rh5
Kd7 52.b5 Kc7 53.Rh6 Kc8 54.Rh7 Kd8 55.Ke5 Kc8 56.Kd6 Kb8 57.Kc6
Ka8 58.Kb6 Kb8 59.Rh8# {1-0, Charette K - Woods I, Fowlerville 1994} )
Bxc5 6.e5 Nd5 7.Qg4 Nxc3 8.Bxc3 ( 8.Qxg7 Rf8 9.Bxc3 {%02$16/+-} )
O-O 9.Nh3 Be7 10.O-O-O f5 11.exf6 Bxf6 12.Bd3 h6 13.Rhe1 Bxc3
14.bxc3 Qf6 15.Re3 Nc6 16.Rde1 b5 17.Qg3 Ne7 18.Rf3 Nf5 19.Qc7
Qd8 20.Qxd8 Rxd8 21.Bxf5 exf5 22.Rxf5 d5 23.Rfe5 Bxh3 24.gxh3
Rd7 25.Re7 Rad8 26.Rxd7 Rxd7 27.Re3 Kf7 28.Kd1 Kf6 29.Rf3+ Ke5
30.Re3+ Kf4 31.Ke2 Kf5 32.Kd3 a6 33.Kd4 Kf6 34.Kc5 Ra7 35.Kb6
Ra8 36.Kb7 Rd8 37.Kxa6 Ra8+ 38.Kxb5 Rxa2 39.Re2 Ra3 40.Kb4 Ra7
41.Kc5 Rc7+ 42.Kd4 Rc4+ 43.Kxd5 Rxc3 44.Kd4 Rxh3 45.c4 Rxh2 46.Kc5
( 46.c5 ) Rh1 47.Kc6 h5 48.c5 h4 49.Kc7 h3 50.Re8 Rc1 51.c6 h2
52.Rh8 h1Q 53.Rxh1 Rxh1 54.Kd7 g5 {??} ( 54...Rd1+ 55.Ke8 Re1+
56.Kd8 Kf7 57.Kc7 Ke7 58.f4 Rb1 59.Kc8 Kd6 60.c7 Rc1 $19 ) 55.c7
Rc1 56.c8Q Rxc8 57.Kxc8 Ke6 58.Kd8 g4 59.Ke8 {=} 1/2-1/2

[Event "Washington Class Championships"]
[Site "Redmond, WA"]
[Date "2012.11.25"]
[Round "6"]
[White "Greninger Harley  (WA)"]
[Black "Haessler Carl  (OR)"]
[Result "0-1"]
[WhiteElo "2175"]
[BlackElo "2200"]
[Annotator ""]
[Source ""]
[Remark "Master"]

1.d4 Nf6 2.c4 e6 3.g3 c5 4.d5 exd5 5.cxd5 Bd6 6.Bg2 Bc7 7.Nc3
d6 8.e4 O-O 9.Nge2 a6 10.a4 Nbd7 11.O-O Re8 12.h3 Rb8 13.g4 Nf8
14.Ng3 b5 15.axb5 axb5 16.Qd3 c4 17.Qc2 Ng6 18.Nce2 Bb6 19.b3
Ne5 20.Bb2 h5 21.gxh5 Nh7 22.Nd4 Bxh3 23.Qc3 {?!} ( 23.Ndf5 )
b4 24.Qe3 Bxg2 25.Kxg2 Nd3 26.Rab1 Qf6 27.Nge2 Re5 28.Rh1 Rxe4
29.Qg3 Nxb2 0-1

[Event "Washington Class Championships"]
[Site "Redmond, WA"]
[Date "2012.11.25"]
[Round "5"]
[White "Gedajlovic Max  (CAN)"]
[Black "Michaels Trey  (WA)"]
[Result "1-0"]
[WhiteElo "1570"]
[BlackElo "1838"]
[Annotator ""]
[Source ""]
[Remark "Expert"]

1.d4 d5 2.c4 e6 3.Nc3 Nf6 4.cxd5 exd5 5.Bg5 Be7 6.e3 O-O 7.Bd3
c6 8.Qc2 Nbd7 9.Nge2 Re8 10.O-O Nf8 11.f3 Bd7 12.Rad1
( 12.e4 dxe4 13.fxe4 Ng4 14.Bxe7 Qxe7 15.Qd2 Ng6 16.h3 Nh6 17.e5
Qh4 18.Ne4 Bxh3 19.gxh3 Qxh3 20.Nf4 Nxf4 21.Rxf4 Rad8 22.Bf1
Qe6 23.Nd6 Re7 24.Bc4 Qh3 25.Raf1 Rxd6 26.exd6 Re3 27.Qh2 Qd7
28.Bxf7+ Kh8 29.Bc4 Re8 30.Rf8+ Ng8 31.Rxe8 Qxe8 32.Qg3 Nf6 33.Rxf6
{1-0, Gomez Esteban Juan Mario (ESP) 2425 - Pinilla Roberto, Euskadi (Spain) 1992}
) Rc8 13.h3 Qa5 14.a3 Nh5 15.Bxe7 Rxe7 16.Qd2 Qc7 17.Rc1 Qb8
18.e4 dxe4 19.fxe4 Nf6 20.e5 Nd5 21.Nxd5 cxd5 22.Qg5 Ree8 23.Nf4
h6 24.Qh5 Be6 25.Nxe6 fxe6 26.Qf7+ Kh8 27.Rce1 Rc7 28.Qh5 Rce7
{?} 29.Rxf8+ Rxf8 30.Qg6 Kg8 31.Qh7+ Kf7 32.Rf1+ Ke8 33.Rxf8+
( 33.Bb5+ Rd7 34.Qg6+ Kd8 35.Rxf8+ Kc7 36.Qc2+ Kb6 37.Qc5+ Ka5
38.b4# ) Kxf8 34.Qh8+ Kf7 35.Qxb8 1-0

[Event "Washington Class Championships"]
[Site "Redmond, WA"]
[Date "2012.11.25"]
[Round "5"]
[White "Greninger Harley  (WA)"]
[Black "Collyer Curt  (WA)"]
[Result "0-1"]
[WhiteElo "2198"]
[BlackElo "2288"]
[Annotator ""]
[Source ""]
[Remark "Master"]

1.d4 b6 2.e4 Bb7 3.Nc3 e6 4.Nf3 Bb4 5.Bd3 Nf6 6.Qe2 d5 7.e5 Ne4
8.Bd2 Nxd2 9.Qxd2 a6 10.a3 ( 10.a3 Be7 11.Ne2 c5 12.c3 c4 13.Bc2
h6 14.O-O Bg5 15.Nxg5 hxg5 16.f4 g4 17.Qe1 Nd7 18.f5 Qg5 19.fxe6
fxe6 20.Qg3 O-O-O 21.Nf4 Nf8 22.Nh3 Qh4 23.Qxh4 Rxh4 24.Ng5 Kb8
25.Rf7 Rh5 26.Rxg7 Bc8 27.Rf1 Nd7 28.Bd1 Rh4 29.g3 Rh6 30.Nf7
Rhh8 31.Nxd8 Rxd8 32.Bxg4 Re8 33.h4 b5 34.h5 Nb6 35.Bd1 Rh8 36.Rff7
a5 37.g4 Na4 38.Bxa4 Rg8 39.Rxg8 bxa4 40.h6 Ka8 41.Rxc8# {1-0, Choma Alexandre - Gomes Antonio Jose, Vila Velha 2000}
) Be7 11.Ne2 c5 12.c3 a5 13.O-O Ba6 14.Ne1 Bxd3 15.Qxd3 Qc8 16.f4
g6 17.Nf3 Qa6 18.Qd2 a4 19.Rad1 Nc6 20.Nc1 Rc8 21.Kh1 Rc7 22.Qe2
Qxe2 23.Nxe2 O-O 24.g4 f5 25.exf6 Bxf6 26.f5 cxd4 27.Nfxd4 Bxd4
28.Nxd4 Nxd4 29.Rxd4 Rc4 30.Rxc4 dxc4 31.Rf4 b5 32.f6 g5 33.Re4
Rd8 34.Rxe6 Rd2 35.Re5 Rxb2 36.Rxg5+ Kf7 37.Rf5 b4 0-1

[Event "Washington Class Championships"]
[Site "Redmond, WA"]
[Date "2012.11.23"]
[Round "1"]
[White "Greninger Harley  (WA)"]
[Black "Perez Ignacio  (WA)"]
[Result "0-1"]
[WhiteElo "2198"]
[BlackElo "2273"]
[Annotator ""]
[Source ""]
[Remark "Master"]

1.d4 Nf6 2.c4 g6 3.Nc3 Bg7 4.e4 d6 5.f3 O-O 6.Be3 Nc6 7.Qd2 Re8
8.Nge2 Rb8 9.Nc1 e5 10.Nb3 exd4 11.Nxd4 Nxd4 12.Bxd4 c5 13.Be3
( 13.Bf2 d5 14.cxd5 Nxe4 15.fxe4 Bxc3 16.Qxc3 Rxe4+ 17.Be3 Bg4
18.Kf2 Qxd5 19.h3 Bd7 20.Be2 Bc6 21.Bf3 Qf5 22.Kg1 Rbe8 23.Bh6
f6 24.Rf1 R8e6 25.Bg4 Qd5 26.Bxe6+ Rxe6 27.Qd2 Qh5 28.Be3 Kf7
29.Kh2 Qe5+ 30.Bf4 Qe2 31.Rf2 Qe4 32.Bg3 Re7 33.Re1 {1-0, Gross Ladislau (GER) 2309 - Juhnke Karl (GER) 2215, Germany 1989}
) b5 14.Nxb5 d5 15.O-O-O Bd7 16.exd5 a6 17.Nc3 Qa5 18.Bf4 Rxb2
19.Qxb2 Nxd5 20.cxd5 Bxc3 21.Qf2 {??} ( 21.Qb3 {+-} ) Qa3+ 22.Kb1
Qb4+ ( 22...Re2 23.Qxe2 Bf5+ 24.Rd3 Bxd3+ 25.Qxd3 Qb2# ) 23.Kc1
Qxf4+ 24.Kc2 Ba4+ 25.Kxc3 Qb4+ 26.Kd3 Qa3+ 0-1

[Event "Washington Class Championships"]
[Site "Redmond, WA"]
[Date "2012.11.25"]
[Round "5"]
[White "Sang Tian  (WA)"]
[Black "Pupols Viktors  (WA)"]
[Result "1-0"]
[WhiteElo "2213"]
[BlackElo "2200"]
[Annotator ""]
[Source ""]
[Remark "Master"]

1.e4 e5 2.Nf3 Nc6 3.Bc4 Be7 4.d4 d6 5.h3 Nf6 6.Nc3 O-O 7.O-O
Nxe4 8.Nxe4 d5 9.Nxe5 Nxe5 10.dxe5 dxe4 11.Bd5 Bc5 12.Bxe4 Qxd1
13.Rxd1 c6 14.Bf4 Be6 15.Rd3 Rfd8 16.Rad1 Rxd3 17.Rxd3 h6 18.b3
Re8 19.Be3 Bb6 20.Bxb6 axb6 21.f4 Kf8 22.Kf2 f5 23.exf6 gxf6
24.Bg6 Ra8 25.a4 Ke7 26.g4 Bg8 27.Bf5 Rd8 28.Rxd8 Kxd8 29.Kg3
Ke7 30.Bc8 Bd5 31.Bxb7 Be4 32.b4 Kd6 33.c3 Bc2 34.a5 Kc7 35.a6
Bg6 36.f5 Bf7 37.h4 1-0

[Event "Washington Class Championships"]
[Site "Redmond, WA"]
[Date "2012.11.25"]
[Round "5"]
[White "Haessler Carl  (OR)"]
[Black "Kenney Jason  (CAN)"]
[Result "1-0"]
[WhiteElo "2214"]
[BlackElo "2289"]
[Annotator ""]
[Source ""]
[Remark "Master"]

1.Nf3 c5 2.c4 Nc6 3.d4 cxd4 4.Nxd4 g6 5.Nc3 Bg7 6.Nc2 Nf6 7.g3
O-O 8.Bg2 d6 9.O-O Rb8 10.e4 a6 11.Qe2 e6 12.Be3 Qc7 13.f4 Bd7
14.h3 Ne7 15.a4 Bc6 16.Rfd1 b6 17.Bf2 Ba8 18.Nb4 Bb7 19.Rac1
Rfd8 20.b3 Nd7 21.Nba2 Rbc8 22.Kh2 Qb8 23.Rd2 Nc5 24.Qd1 Qa8
25.Re2 f5 26.Qc2 fxe4 27.Nxe4 Nf5 28.Rce1 d5 29.Ng5 d4 30.Bxb7
Qxb7 31.Nc1 b5 {?} ( 31...d3 ) 32.Nd3 Nxd3 33.Qxd3 bxc4 34.bxc4
e5 35.fxe5 Qc6 36.c5 Re8 {??} 37.Qc4+ 1-0

[Event "Washington Class Championships"]
[Site "Redmond, WA"]
[Date "2012.11.23"]
[Round "1"]
[White "Cadman Chuck  (WA)"]
[Black "Pupols Viktors  (WA)"]
[Result "0-1"]
[WhiteElo "2254"]
[BlackElo "2200"]
[Annotator ""]
[Source ""]
[Remark "Master"]

1.e4 e5 2.Nf3 Nc6 3.Bb5 a6 4.Ba4 Nf6 5.O-O d6 6.Re1 g6 7.d4 b5
8.Bb3 Bg4 9.d5 Na5 10.Qd3 Nb7 11.Nfd2 Nc5 12.Qg3 Bg7 13.c3 h5
14.f3 h4 15.Qf2 Nd3 16.Qf1 Nxc1 17.Rxc1 Bd7 18.c4 Nh5 19.cxb5
axb5 20.Nc3 Bh6 21.Rc2 {??} ( 21.Qe1 ) Be3+ 22.Kh1 Ng3+ 0-1

[Event "Washington Class Championships"]
[Site "Redmond, WA"]
[Date "2012.11.24"]
[Round "3"]
[White "Pupols Viktors  (WA)"]
[Black "Kenney Jason  (CAN)"]
[Result "1/2-1/2"]
[WhiteElo "2200"]
[BlackElo "2289"]
[Annotator ""]
[Source ""]
[Remark "Master"]

1.d4 Nf6 2.c4 c5 3.d5 b5 4.cxb5 a6 5.bxa6 g6 6.Nc3 Bxa6 7.f4
d6 8.Nf3 Bg7 9.e4 Bxf1 10.Rxf1 O-O 11.e5 Ne8 12.Rf2 Nc7
( 12...Nd7 13.Re2 Qa5 14.Bd2 Qb6 15.e6 fxe6 16.dxe6 Ndf6 17.Qc2
Nc7 18.Ng5 Nfd5 19.g3 Nb4 20.Qb1 Rfb8 21.Nd1 Qb7 22.Kf2 Nbd5
23.Bc1 Nb5 24.Qe4 Nd4 25.Rd2 Nb4 26.Qxb7 Rxb7 27.Rb1 Nxa2 28.Rd3
c4 {0-1, Weinmann-Musset M - Melson G, corr. 1987} ) 13.Kf1 Nd7
14.exd6 exd6 15.f5 Nf6 16.Bg5 h6 17.Bxf6 Qxf6 18.Qc2 gxf5 19.Re1
Rfb8 20.a3 Nb5 21.Nd1 f4 22.Re4 Rb7 23.Qd2 Nd4 24.Nxd4 cxd4 25.Rfxf4
Qg5 26.Qe2 Kh7 27.Qd3 f5 28.Rxd4 Bxd4 29.Qxd4 Re8 30.g3 Rbe7
31.Nf2 Re5 32.Qb6 Qe7 33.Ra4 Re1+ 34.Kg2 Qe5 35.Ra7+ Kg6 36.Rd7
Qxd5+ 37.Kh3 R8e6 38.Qc7 Qf3 39.Rg7+ Kf6 40.Rf7+ Kg5 41.Rg7+
Rg6 42.Rxg6+ Kxg6 43.Qxd6+ Kh5 44.Qf6 Re2 45.Qf7+ Kg5 46.Qg7+ 1/2-1/2